Rozpoznaj miasto po tablicy rejestracyjnej woj.łódzkie - Statystyki

Ogólne statystyki
  • Ten quiz został rozwiązany 273 razy
  • Średni wynik to 13 z 24
Statystyki odpowiedzi
Rejestracja Miasto / powiat Odpowiedź % Poprawnych
EL Miasto Łódź
94%
EP Miasto Piotrków Trybunalski
78%
ES Miasto Skierniewice
70%
EBE powiat bełchatowski
67%
EZG powiat zgierski
64%
ETM powiat tomaszowski
63%
EPA powiat pabianicki
61%
EKU powiat kutnowski
59%
ESI powiat sieradzki
58%
ESK powiat skierniewicki
58%
EPI powiat piotrkowski
55%
EWI powiat wieluński
55%
EZD powiat zduńskowolski
52%
EOP powiat opoczyński
48%
ERW powiat rawski
48%
EBR powiat brzeziński
46%
ERA powiat radomszczański
44%
ELE powiat łęczycki
42%
EPJ powiat pajęczański
42%
ELC powiat łowicki
41%
EPD powiat poddębicki
41%
ELA powiat łaski
38%
ELW powiat łódzki wschodni
36%
EWE powiat wieruszowski
34%
Nie znaleziono quizów pasujących do podanych kryteriów
Rozkład punktacji
Procent ludzi z każdym wynikiem
Percentyl według liczby udzielonych odpowiedzi
Twoja historia wyników
Nie rozwiązałeś tego quizu